000 00552cam a2200217 4500
001 J1884
008 090401t1889 xxu||||| |||| 00| 0 eng d
035 _a(Sirsi) u45977
041 _aeng
050 _a333.33
100 _aCurtis, Charles E.
245 _aEstate management: a practical handbook for landlords, agents and pupils.
250 _a3rd ed.
260 _aLondon
_bHorace Cox
_c1889
300 _axix,420p. ; 22cm.
350 _a0
650 _aESTATE MANAGEMENT
690 _aRURAL PRACTICE
942 _n0
948 _c04/03/1997
999 _c91858
_d91858